Statistiques concernant Histoire: la Guerre de Cent Ans

Cliquez ici pour prendre le quiz!

Statistiques générales

  • Ce quiz a été pris 325 fois
  • Le résultat moyen est 13 sur 20

Statistiques - réponses

QuestionRéponse% Correct
Pays belligérantsAngleterre
99%
Pays belligérantsFrance
98%
Elle mena une épopée épiqueJeanne d'Arc
94%
La ville qu'elle sauvaOrléans
89%
Épidémie contemporaine à la guerre, décimant l'EuropePeste noire
88%
Anée de fin1453
85%
Dynastie BelligéranteValois
82%
Année de début1337
81%
Rois à la fin de la guerreCharles VII
81%
Dynastie BelligérantePlantagenêt
72%
Opposés aux Armagnacs dans une guerre civileBourguignons
68%
Rois au début de la guerrePhilippe VI
68%
Rois à la fin de la guerreHenri VI
66%
Bataille qui mit fin à l'ère de la chevalerieAzincourt
62%
Rois au début de la guerreÉdouard III
61%
Duché source de conflits entre les deux dynastiesGuyenne
34%
La dernière ville qui subit un siège, en 1453Bordeaux
28%
Ville belge dans laquelle une révolte de tisserand éclateGand
28%
Owain Glyndŵr mène cette principauté de l'époque à la révoltePays de Galles
22%
Nom du traité qui scella la paix entre les deux paysPicquigny
7%

Distribution des résultats

Percentile par nombre de réponses

% des personnes avec chaque résultat

Votre développement - résultats

Vous n’avez pas pris ce quiz